Machine Learning: (Record no. 206168)

MARC details
000 -LEADER
fixed length control field 00607nam a2200193 4500
005 - DATE AND TIME OF LATEST TRANSACTION
control field 20241008150214.0
010 ## - LCCN (DPL NO)
LC control number ENG-141963
020 ## - INTERNATIONAL STANDARD BOOK NUMBER
Terms of availability 850.00
International Standard Book Number 9789393330697
035 ## - SYSTEM CONTROL NUMBER
System control number EN-125495
037 ## - SOURCE OF ACQUISITION
Source of stock number/acquisition DBAD
082 ## - DEWEY DECIMAL CLASSIFICATION NUMBER
Classification number 006.31
Edition number 1
100 ## - MAIN ENTRY--PERSONAL NAME
Personal name Murty, M N
245 ## - TITLE STATEMENT
Title Machine Learning:
Statement of responsibility, etc By M N Murty [and] Ananthanarayana V S
Remainder of title Theory and Practice/
250 ## - EDITION STATEMENT
Edition statement 1
260 ## - PUBLICATION, DISTRIBUTION, ETC. (IMPRINT)
Place of publication, distribution, etc Hyderabad
Name of publisher, distributor, etc Universities Press (India) Pvt. Ltd.
Date of publication, distribution, etc 2024
270 ## - ADDRESS
Address 3-6-747/A & 3-6-754/1, Himayatnagar
City Hyderabad
Postal code 500029
300 ## - PHYSICAL DESCRIPTION
Extent 20,332p.
Dimensions 24cm(pbk)
942 ## - ADDED ENTRY ELEMENTS (KOHA)
Source of classification or shelving scheme Dewey Decimal Classification
Item type English Books
Classification part 006.31
Call number suffix MUR
Holdings
Withdrawn status Lost status Not for loan Collection code Home library Current library Date acquired Source of acquisition Cost, normal purchase price Full call number Barcode Copy number Cost, replacement price Koha item type
      Non-fiction Vinoba Puri Vinoba Puri 08/10/2024 Delivery of Books Act Division 850.00 006.31 MUR EN-125495 1 850.00 English Books

© Delhi Public Library
Hit Counter
free hit counter